| 000 | 01623nam0a2200349 4500 | ||
|---|---|---|---|
| 001 | RU\NLR\bibl\1421689 | ||
| 005 | 20260628211010.0 | ||
| 010 |
_a978-5-86793-709-6 _92000 |
||
| 021 |
_aRU _b2009-62741 _93869 |
||
| 035 | _a(NLR Aleph) 001413633 | ||
| 090 |
_a1298240 _c1298240 |
||
| 100 | _a20090724d2009 |||y0rusy50 ca | ||
| 101 | 1 |
_arus _ceng |
|
| 102 | _aRU | ||
| 105 | _aa ||||||||| | ||
| 200 | 1 |
_aНавстречу Восходящему солнцу: как имперское мифотворчество привело Россию к войне с Японией _fДэвид Схиммельпеннинк ван дер Ойе _g[пер. с англ. Н. Мишакова] |
|
| 210 |
_aМосква _cНовое литературное обозрение _d2009 |
||
| 215 |
_a419, [1] с. _cил., портр. _d22 |
||
| 225 | 1 |
_aHistoria Rossica _fредкол.: Е. Анисимов [и др.] |
|
| 320 | _aБиблиогр.: с. 352-410 | ||
| 320 | _aИмен. указ.: с. 412-419 | ||
| 606 | 1 |
_aРусско-японская война _xПричины _z1904 - 1905 _92478897 _3RU\NLR\auth\661471712 |
|
| 607 |
_aРоссия _xВнешняя политика _yДальний Восток _z1880 - 1914 _91551577 _3RU\NLR\auth\66978512 |
||
| 686 |
_aТ3(2)521-681,02 _2rubbk |
||
| 686 | _aТ3(2)521-6 | ||
| 700 | 1 |
_4070 _8rus _7ca _aСхиммельпеннинк ван дер Ойе _bД. _f1957- _gДэвид _3RU\NLR\auth\7782108 _965036 |
|
| 801 | 0 |
_aRU _bРКП _c20090724 _grcr |
|
| 801 | 1 |
_aRU _bРГБ _c20090724 |
|
| 801 | 2 |
_aRU _bNLR _c20091008 _grcr |
|
| 942 | _cBOOK | ||
| 980 | _aNB | ||